Astrology - Planets - Statistics

General Stats
  • This quiz has been taken 169 times
  • The average score is 9 of 10
Answer Stats
Hint Answer % Correct
Love, Beauty, Grace, Balance, Gratitude Venus
98%
Anger, Willpower, Action, Energy, Desire Mars
97%
Subconscious, Dreams, Decption, Illusion, Fantasy Neptune
88%
Luck, Fortune, Philosophy, Expansion, Higher thinking Jupiter
86%
Responsiblity, Discipline, Wisdom, Respectfulness, Structure Saturn
86%
Communication, Mind, Speech, Logic, Information Mercury
84%
Emotions, Feelings, Security, Nurture, Needs The Moon
84%
Regeneration, Tranformation, Rebirth, Secrets, Death Pluto
83%
Self-image, Personality, Ego, Identity, Life force The Sun
83%
Innovation, Technology, Invention, Originality, Electricity Uranus
81%
No matching quizzes found
Score Distribution
Percent of People with Each Score
Percentile by Number Answered
Your Score History
You have not taken this quiz